Handbook of Laboratory Animal Science (Record no. 6371)

MARC details
000 -LEADER
fixed length control field 00622nam a22002177a 4500
003 - CONTROL NUMBER IDENTIFIER
control field OSt
005 - DATE AND TIME OF LATEST TRANSACTION
control field 20191108102854.0
008 - FIXED-LENGTH DATA ELEMENTS--GENERAL INFORMATION
fixed length control field 191108b ||||| |||| 00| 0 eng d
020 ## - INTERNATIONAL STANDARD BOOK NUMBER
International Standard Book Number 9781466555129
040 ## - CATALOGING SOURCE
Transcribing agency DNLM
082 ## - DEWEY DECIMAL CLASSIFICATION NUMBER
Classification number QY50 H19j 2014
100 ## - MAIN ENTRY--PERSONAL NAME
Personal name Edited by Jann, Hau; Steven J. Schapiro
9 (RLIN) 13032
245 ## - TITLE STATEMENT
Title Handbook of Laboratory Animal Science
250 ## - EDITION STATEMENT
Edition statement 3rd ed. Vol.111.
260 ## - PUBLICATION, DISTRIBUTION, ETC. (IMPRINT)
Place of publication, distribution, etc. Boca Raton;
Name of publisher, distributor, etc. CRC Press,
Date of publication, distribution, etc. 2014
300 ## - PHYSICAL DESCRIPTION
Extent xi,321p;
Other physical details Col.Ill:
Dimensions 26cm
504 ## - BIBLIOGRAPHY, ETC. NOTE
Bibliography, etc References, & index included
650 ## - SUBJECT ADDED ENTRY--TOPICAL TERM
Topical term or geographic name as entry element Laboratory animals
9 (RLIN) 13033
650 ## - SUBJECT ADDED ENTRY--TOPICAL TERM
Topical term or geographic name as entry element Animal science
9 (RLIN) 13034
942 ## - ADDED ENTRY ELEMENTS (KOHA)
Source of classification or shelving scheme Other/Generic Classification Scheme
Koha item type Open Shelf
Holdings
Withdrawn status Lost status Source of classification or shelving scheme Damaged status Not for loan Home library Current library Date acquired Source of acquisition Inventory number Total Checkouts Full call number Barcode Date last seen Koha item type
    Other/Generic Classification Scheme     MUST Main Library MUST Main Library 08/11/2019 Purchase 17/40231   QY50 H19j 2014 2019-0608 08/11/2019 Open Shelf